مكتبة جامعة عجلون الوطنية

فهرس بحث المكتبة

Normal view MARC view
  • ادارة التغيير -شركة فيردلفيا-الطاقة الشمسية

Entry Topical Term

Number of records used in: 1

001 - CONTROL NUMBER

  • control field: 61429

003 - CONTROL NUMBER IDENTIFIER

  • control field: JO-AjAnu

005 - DATE AND TIME OF LATEST TRANSACTION

  • control field: 20230606084034.0

008 - FIXED-LENGTH DATA ELEMENTS

  • fixed length control field: 230606|| aca||aabn | a|a d

040 ## - CATALOGING SOURCE

  • Original cataloging agency: JO-AjAnu
  • Transcribing agency: JO-AjAnu

150 ## - HEADING--TOPICAL TERM

  • Topical term or geographic name entry element: ادارة التغيير -شركة فيردلفيا-الطاقة الشمسية

670 ## - SOURCE DATA FOUND

  • Source citation: Work cat.: (JO-AjAnu)31334: إعداد بشابشة، ثامر نضال محمد؛ إشراف هشام علي الشطناوي , author 61428, دور إدارة التغيير في تطوير المزايا التنافسية في شركة فيلا دلفيا للطاقة الشمسية في الأردن =The Role of Change Management in Developing Competitive Advantages in the philadelphia solar Company in jordan